000 00598nam a22001697a 4500
003 OSt
005 20171010095519.0
008 120816t xxu||||| |||| 00| 0 eng d
040 _aMMSU
_cULS
100 _aIsaac, Pablito A.
_912190
245 _aFinancial management of the provincial government-run hospitals in Ilocos Norte from 1996-2000
_cPablito A. Isaac
260 _c2004
300 _axix, 169 leaves
_c28 cm.
500 _aThesis (MA Public Administration) -- Mariano Marcos State University-Graduate School, Laoag City
504 _aBibliography: leaves 144-147
942 _2ddc
_cTHEDIS
999 _c9759
_d9759